00558nam a2200193 a 4500001001300000003000900013005001700022008004100039020002300080082001700103100002500120245006100145260004400206300000900250500003500259505001000294650003500304700002500339nice12345678IN_TiNIC20260116013049.0050524s1987 newa grp 000 0 eng  a0300953 c55200a291.201bCHR aChristian, William A aDoctrines of Religious Communitiesb Philosophical Study aNew HavenbYale University Press c1987 a234p aincludes index and biblioraphy2 aindex aComparative Religion-Doctrines1 aChristian, William A